Report of the director General (Record no. 1441219)

MARC details
000 -LEADER
fixed length control field 00519nam a2200169Ia 4500
005 - DATE AND TIME OF LATEST TRANSACTION
control field 20250923144621.0
008 - FIXED-LENGTH DATA ELEMENTS--GENERAL INFORMATION
fixed length control field 008 250917s9999 xx 000 0 eng d
037 ## - SOURCE OF ACQUISITION
Stock number Textual
040 ## - CATALOGING SOURCE
Original cataloging agency DSWL
Language of cataloging eng
Transcribing agency DSWL
041 ## - LANGUAGE CODE
Language code of text/sound track or separate title eng
Source of code eng
084 ## - COLON CLASSIFICATION NUMBER
Classification number X:9h4:N19r, H9
Assigning agency DSWL
245 #0 - TITLE STATEMENT
Title Report of the director General
Statement of responsibility, etc. by International Labour Conference
260 ## - PUBLICATION, DISTRIBUTION, ETC.
Place of publication, distribution, etc. Geneva
Name of publisher, distributor, etc. Geneva International Labours Office
Date of publication, distribution, etc. 1949
300 ## - PHYSICAL DESCRIPTION
Extent 154p.
942 ## - ADDED ENTRY ELEMENTS (KOHA)
Koha item type Textual
Classification part X:9h4:N19r, H9
Holdings
Withdrawn status Lost status Damaged status Not for loan Home library Current library Date acquired Source of acquisition Total Checkouts Full call number Barcode Date last seen Price effective from Koha item type
        Department of Social Work Library Department of Social Work Library 2025-09-23 Avinash Pandit   X:9h4:N19r, H9 SW0005654 2025-09-23 2025-09-23 Textual
Copyright @ Delhi University Library System